[Event "Junior Online 4NCL Division 5"]
[Site "online"]
[Date "2021.02.04"]
[Round "2.143"]
[White "Han, Qixiang"]
[Black "Chung, Vince"]
[Result "1-0"]
[WhiteElo "1023"]
[BlackElo "1202"]
[PlyCount "159"]
[EventDate "2021.02.04"]
[WhiteTeam "JHJ Shark Tank 8"]
[BlackTeam "Colchester Juniors C"]

1. e4 e5 2. Nf3 Nc6 3. Bb5 a6 4. Ba4 b5 5. Bb3 Bc5 6. O-O Nf6 7. d3 O-O 8. Bg5
Be7 9. a3 d6 10. h3 Nd4 11. Nxd4 exd4 12. Nd2 h6 13. Bh4 Bd7 14. Nf3 c6 15.
Nxd4 c5 16. Nf3 Bc6 17. c4 bxc4 18. Bxc4 d5 19. exd5 Bxd5 20. Bxd5 Nxd5 21.
Bxe7 Qxe7 22. Qb3 Nf6 23. Rae1 Qc7 24. Qc2 Rfe8 25. b4 Rxe1 26. Rxe1 Rc8 27.
bxc5 Qxc5 28. Qxc5 Rxc5 29. Rd1 Rc3 30. a4 Ra3 31. d4 Rxa4 32. d5 Rc4 33. d6
Rc8 34. Ne5 Rd8 35. Nc6 Rd7 36. Nb8 Rd8 37. Nxa6 g5 38. Nc5 Nd7 39. Ne4 f5 40.
Nc3 f4 41. Kf1 h5 42. Ke2 Kf7 43. Kf3 Kf6 44. Ke4 Ke6 45. Nb5 Nc5+ 46. Kd4 Nd7
47. Nc7+ Kxd6 48. Nb5+ Kc6 49. Nc3 Nf6+ 50. Ke5 Rf8 51. Rd6+ Kc7 52. Rxf6 Re8+
53. Kf5 Kd7 54. Kxg5 Rg8+ 55. Kxh5 Rxg2 56. Rxf4 Ke6 57. Ne4 Ke5 58. Rg4 Rxg4
59. Kxg4 Kxe4 60. f4 Kd5 61. Kg5 Ke6 62. Kg6 Ke7 63. Kg7 Ke6 64. h4 Kf5 65. h5
Kg4 66. h6 Kxf4 67. h7 Kg5 68. h8=Q Kf5 69. Qh4 Ke6 70. Qg5 Kd7 71. Qf6 Kc7 72.
Qe6 Kd8 73. Qf7 Kc8 74. Qe7 Kb8 75. Qd7 Ka8 76. Kf6 Kb8 77. Ke6 Ka8 78. Kd6 Kb8
79. Kc6 Ka8 80. Qb7# 1-0

[Event "Junior Online 4NCL Division 5"]
[Site "online"]
[Date "2021.02.04"]
[Round "2.144"]
[White "He, Kingsley"]
[Black "Pipalia, Ayush"]
[Result "1-0"]
[WhiteElo "834"]
[BlackElo "1022"]
[PlyCount "47"]
[EventDate "2021.02.04"]
[WhiteTeam "Colchester Juniors C"]
[BlackTeam "JHJ Shark Tank 8"]

1. e4 e5 2. Nf3 Nc6 3. Bc4 h6 4. c3 Nf6 5. d3 a6 6. Be3 b5 7. Bb3 Be7 8. Nbd2
Bb7 9. O-O O-O 10. Re1 Ng4 11. d4 exd4 12. cxd4 Nxe3 13. Rxe3 Bg5 14. Nxg5 Qxg5
15. Rg3 Qd8 16. Nf3 Nb8 17. Bc2 Nc6 18. Qd3 Nb4 19. Qc3 Nxc2 20. Qxc2 Re8 21.
Re1 Qe7 22. d5 Qxe4 23. Rxe4 Rxe4 24. Qxe4 1-0

[Event "Junior Online 4NCL Division 5"]
[Site "online"]
[Date "2021.02.04"]
[Round "2.145"]
[White "Baig, Huzaifa"]
[Black "Harb, Laith A"]
[Result "0-1"]
[WhiteElo "1240"]
[BlackElo "1256"]
[PlyCount "134"]
[EventDate "2021.02.04"]
[WhiteTeam "Colchester Juniors C"]
[BlackTeam "JHJ Shark Tank 8"]

1. e4 c5 2. Nf3 d6 3. Bb5+ Nd7 4. Bxd7+ Bxd7 5. d4 cxd4 6. Nxd4 Nf6 7. Nc3 e6
8. Bg5 Be7 9. Nf3 Qc7 10. O-O Bc6 11. Re1 O-O 12. Qd3 Rac8 13. Rad1 Rfd8 14.
Qe3 a6 15. h3 b5 16. a3 Bb7 17. Qf4 h6 18. Bxf6 Bxf6 19. e5 dxe5 20. Rxd8+ Rxd8
21. Nxe5 Bxe5 22. Qxe5 Qxe5 23. Rxe5 Rd2 24. Re2 Rxe2 25. Nxe2 Be4 26. c3 Kf8
27. f3 Bd3 28. Kf2 Ke7 29. Nd4 Kd6 30. Ke3 Bf1 31. Kf2 Bc4 32. Ke3 Kd5 33. g3
g5 34. b3 Bf1 35. h4 gxh4 36. gxh4 Bh3 37. Ne2 Bf5 38. Nf4+ Ke5 39. Nd3+ Bxd3
40. Kxd3 Kf4 41. a4 bxa4 42. bxa4 Kxf3 43. c4 e5 44. c5 e4+ 45. Kc2 e3 46. c6
e2 47. c7 e1=Q 48. c8=Q Qe2+ 49. Kc3 Qe3+ 50. Kc2 Qe4+ 51. Kd2 Qe3+ 52. Kc2
Qe2+ 53. Kc3 Qe6 54. Qb7+ Kg3 55. Qa7 Kxh4 56. Qf2+ Kg5 57. Qg3+ Kf6 58. Qf4+
Kg7 59. Qg3+ Qg6 60. Qh3 h5 61. Kb4 Qg4+ 62. Qxg4+ hxg4 63. Ka5 g3 64. Kxa6 g2
65. a5 g1=Q 66. Kb7 Qb1+ 67. Ka8 Qa2 0-1

[Event "Junior Online 4NCL Division 5"]
[Site "online"]
[Date "2021.02.04"]
[Round "2.146"]
[White "Stacey, Edward"]
[Black "Shiva, Shrishti"]
[Result "0-1"]
[WhiteElo "1255"]
[BlackElo "1235"]
[PlyCount "40"]
[EventDate "2021.02.04"]
[WhiteTeam "JHJ Shark Tank 8"]
[BlackTeam "Colchester Juniors C"]

1. e4 e5 2. Nf3 Nc6 3. Bc4 Bc5 4. d3 h6 5. Nc3 Nf6 6. Be3 Bb6 7. Bxb6 axb6 8.
Bb5 d6 9. Nd5 Bd7 10. c3 Nxd5 11. exd5 Ne7 12. Bxd7+ Qxd7 13. c4 c6 14. Qb3 Ra6
15. a4 O-O 16. O-O Ng6 17. g3 Qg4 18. Kg2 Nf4+ 19. Kg1 Qxf3 20. Qd1 Qg2# 0-1

[Event "Junior Online 4NCL Division 5"]
[Site "online"]
[Date "2021.02.04"]
[Round "2.147"]
[White "Chung, Vince"]
[Black "Han, Qixiang"]
[Result "1-0"]
[WhiteElo "1202"]
[BlackElo "1023"]
[PlyCount "61"]
[EventDate "2021.02.04"]
[WhiteTeam "Colchester Juniors C"]
[BlackTeam "JHJ Shark Tank 8"]

1. e4 e5 2. Nf3 Nc6 3. Bc4 Nf6 4. Ng5 d5 5. exd5 Na5 6. Bb5+ c6 7. dxc6 bxc6 8.
Be2 h6 9. Nf3 e4 10. Nd4 Qxd4 11. O-O Bc5 12. d3 O-O 13. c3 Qd8 14. b4 Bxb4 15.
cxb4 Nb7 16. Nc3 exd3 17. Bxd3 Qc7 18. Bc4 Ng4 19. f4 Nd6 20. Bb3 Nf5 21. Bc2
Nfe3 22. Bxe3 Nxe3 23. Qe2 Nxf1 24. Qxf1 Qb6+ 25. Kh1 Qxb4 26. Nd1 Bb7 27. Rb1
Qe7 28. Rb3 Bc8 29. Rg3 Be6 30. Qd3 Rad8 31. Qh7# 1-0

[Event "Junior Online 4NCL Division 5"]
[Site "online"]
[Date "2021.02.04"]
[Round "2.148"]
[White "Pipalia, Ayush"]
[Black "He, Kingsley"]
[Result "0-1"]
[WhiteElo "1022"]
[BlackElo "834"]
[PlyCount "108"]
[EventDate "2021.02.04"]
[WhiteTeam "JHJ Shark Tank 8"]
[BlackTeam "Colchester Juniors C"]

1. d4 d5 2. Bf4 Nc6 3. Nc3 Nf6 4. Nb5 e5 5. dxe5 Nd7 6. e6 Bd6 7. Bxd6 cxd6 8.
exd7+ Qxd7 9. Nc3 Qc7 10. Nxd5 Qd8 11. Nc3 Bf5 12. Nb5 d5 13. Nc3 Nb4 14. e4
dxe4 15. Qxd8+ Rxd8 16. Bb5+ Bd7 17. Bxd7+ Rxd7 18. Nge2 Nxc2+ 19. Kf1 Nxa1 20.
Nxe4 O-O 21. Nc5 Rc7 22. Ne4 Rfc8 23. g3 f5 24. N4c3 a6 25. Nd4 b5 26. Nxf5 b4
27. Nd5 Rc1+ 28. Kg2 Rxh1 29. Kxh1 Rc1+ 30. Kg2 Rc2 31. Nxb4 Rxb2 32. Nxa6 Rxa2
33. Nc7 Ra7 34. Ne6 Ra6 35. Ne7+ Kf7 36. f4 Rxe6 37. Nd5 Re2+ 38. Kf3 Rxh2 39.
Ne3 Nb3 40. Ng4 Ra2 41. Ne5+ Kf6 42. Ng4+ Kg6 43. Ne5+ Kf6 44. Ng4+ Ke7 45. Ne5
Ra3 46. Nc6+ Kd7 47. Ne5+ Kd8 48. Nf7+ Ke8 49. Nd6+ Ke7 50. Nc8+ Ke6 51. Nb6
Nd4+ 52. Kg4 Nf5 53. Kg5 Rxg3+ 54. Kh5 g6# 0-1

[Event "Junior Online 4NCL Division 5"]
[Site "online"]
[Date "2021.02.04"]
[Round "2.151"]
[White "Mohammad, Zakariya"]
[Black "Boikovs, Alexander"]
[Result "0-1"]
[WhiteElo "1049"]
[BlackElo "1500"]
[PlyCount "56"]
[EventDate "2021.02.04"]
[WhiteTeam "Harrow Juniors G"]
[BlackTeam "Golden Falcons 1"]

1. d4 Nf6 2. Nf3 d5 3. Nc3 Nc6 4. e3 Bg4 5. h3 Bh5 6. g4 Bg6 7. Nh4 Ne4 8. Nxg6
Nxc3 9. bxc3 hxg6 10. c4 dxc4 11. Bxc4 Qd6 12. c3 O-O-O 13. e4 Nxd4 14. cxd4
Qb4+ 15. Bd2 Qxc4 16. Be3 e6 17. Rc1 Bb4+ 18. Bd2 Qxd4 19. Bxb4 Qxb4+ 20. Qd2
Qxd2+ 21. Kf1 Qxc1+ 22. Kg2 Qc6 23. f4 Qxe4+ 24. Kf2 Qxh1 25. Kg3 Qxh3+ 26. Kf2
Rd2+ 27. Ke1 Qe3+ 28. Kf1 Rh1# 0-1

[Event "Junior Online 4NCL Division 5"]
[Site "online"]
[Date "2021.02.04"]
[Round "2.152"]
[White "Jakovlev, Mark"]
[Black "Patel, Shailen"]
[Result "0-1"]
[WhiteElo "1451"]
[BlackElo "977"]
[PlyCount "64"]
[EventDate "2021.02.04"]
[WhiteTeam "Golden Falcons 1"]
[BlackTeam "Harrow Juniors G"]

1. d4 d5 2. Bg5 f6 3. Bd2 e6 4. e3 Ne7 5. f3 Nbc6 6. Ne2 b6 7. Nbc3 g6 8. b3
Bg7 9. g3 Bb7 10. Bh3 Qd7 11. O-O O-O-O 12. Nb5 Rhe8 13. c4 dxc4 14. bxc4 e5
15. dxe5 Qxh3 16. Re1 fxe5 17. f4 exf4 18. gxf4 Bxa1 19. Qxa1 Qg4+ 20. Kf1 Rxd2
21. Qc1 Qf3+ 22. Kg1 Qxe3+ 23. Kf1 Kb8 24. h4 Nf5 25. h5 gxh5 26. Nbd4 Nfxd4
27. Nxd4 Qxf4+ 28. Kg1 Rxe1+ 29. Qxe1 Nxd4 30. Qe8+ Bc8 31. Qxh5 Qf2+ 32. Kh1
Qf1# 0-1

[Event "Junior Online 4NCL Division 5"]
[Site "online"]
[Date "2021.02.04"]
[Round "2.153"]
[White "Patel, Ryan"]
[Black "Shelest, Sergei"]
[Result "0-1"]
[WhiteElo "892"]
[BlackElo "1451"]
[PlyCount "54"]
[EventDate "2021.02.04"]
[WhiteTeam "Harrow Juniors G"]
[BlackTeam "Golden Falcons 1"]

1. e4 e5 2. f4 f6 3. f5 Nc6 4. b3 d5 5. Qh5+ Ke7 6. Ba3+ Kd7 7. Qf7+ Be7 8.
Qe6+ Ke8 9. Qxe7+ Qxe7 10. Bxe7 Ncxe7 11. Bb5+ c6 12. Ba4 b5 13. Bxb5 cxb5 14.
c4 bxc4 15. bxc4 dxe4 16. Nc3 Nxf5 17. Nxe4 Bb7 18. Nc5 Bxg2 19. Rb1 Bxh1 20.
Nh3 Nge7 21. Nf2 Bf3 22. Nfe4 Nd4 23. Rb7 Nc2+ 24. Kf2 Bxe4 25. Nxe4 Nd4 26.
Nd6+ Kf8 27. a4 Nc8 0-1

[Event "Junior Online 4NCL Division 5"]
[Site "online"]
[Date "2021.02.04"]
[Round "2.155"]
[White "Boikovs, Alexander"]
[Black "Mohammad, Zakariya"]
[Result "1-0"]
[WhiteElo "1500"]
[BlackElo "1049"]
[PlyCount "121"]
[EventDate "2021.02.04"]
[WhiteTeam "Golden Falcons 1"]
[BlackTeam "Harrow Juniors G"]

1. e4 e5 2. Nf3 Nc6 3. d4 exd4 4. Nxd4 Nxd4 5. Qxd4 Bb4+ 6. Qxb4 b6 7. Qd4 c5
8. Qxg7 Qf6 9. Qxf6 Nxf6 10. Bd3 Rg8 11. O-O Bb7 12. Re1 O-O-O 13. Bg5 Rxg5 14.
e5 Ne8 15. Nc3 Nc7 16. Bxh7 Rxg2+ 17. Kf1 Bf3 18. Be4 Bxe4 19. Rxe4 Rdg8 20.
Ke2 Rg1 21. Rxg1 Rxg1 22. Kf3 Nd5 23. Nxd5 f5 24. Ne7+ Kd8 25. Nxf5 Rg5 26. Nd6
Ke7 27. Kf4 Rg2 28. Nf5+ Ke6 29. Ne3 Rxh2 30. Kg3 Rh1 31. Rg4 Rg1+ 32. Kf4
Rxg4+ 33. Nxg4 d5 34. exd6 Kxd6 35. Ke4 a5 36. f4 Ke6 37. f5+ Kf7 38. Ke5 Kg7
39. f6+ Kf7 40. Nh6+ Kg6 41. f7 Kg7 42. Ke6 Kf8 43. b3 Kg7 44. a4 Kf8 45. c4
Kg7 46. Ke7 Kxh6 47. f8=Q+ Kg5 48. Qf6+ Kg4 49. Qxb6 Kf5 50. Qxc5+ Ke4 51. Qxa5
Kd4 52. Qd5+ Kc3 53. a5 Kxb3 54. c5+ Kb4 55. c6 Ka4 56. a6 Kb4 57. c7 Ka4 58.
a7 Kb4 59. a8=Q Kc3 60. c8=Q+ Kb2 61. Qdb7# 1-0

[Event "Junior Online 4NCL Division 5"]
[Site "online"]
[Date "2021.02.04"]
[Round "2.156"]
[White "Patel, Shailen"]
[Black "Jakovlev, Mark"]
[Result "1-0"]
[WhiteElo "977"]
[BlackElo "1451"]
[PlyCount "75"]
[EventDate "2021.02.04"]
[WhiteTeam "Harrow Juniors G"]
[BlackTeam "Golden Falcons 1"]

1. e4 e5 2. Nf3 d6 3. Bc4 Bg4 4. h3 Bh5 5. O-O Nc6 6. d3 Be7 7. Nc3 Nb4 8. Qe2
f6 9. Bd2 Nxc2 10. Rac1 Nb4 11. a3 Na2 12. Nxa2 g6 13. Bb4 c5 14. Bc3 Qd7 15.
Qe3 O-O-O 16. Bxg8 Rhxg8 17. Rfe1 f5 18. exf5 gxf5 19. Qh6 Rg6 20. Qxh5 d5 21.
Bxe5 Qe8 22. Qxf5+ Rd7 23. Nc3 d4 24. Nxd4 cxd4 25. Nd5+ Kd8 26. Bc7+ Kc8 27.
Bd6+ Kd8 28. Bxe7+ Rxe7 29. Nxe7 b5 30. Nxg6 hxg6 31. Rxe8+ Kxe8 32. Qxg6+ Kf8
33. Re1 a5 34. Re6 a4 35. Qe8+ Kg7 36. Rg6+ Kh7 37. Qf7+ Kh8 38. Rg8# 1-0

[Event "Junior Online 4NCL Division 5"]
[Site "online"]
[Date "2021.02.04"]
[Round "2.157"]
[White "Shelest, Sergei"]
[Black "Patel, Ryan"]
[Result "1-0"]
[WhiteElo "1451"]
[BlackElo "892"]
[PlyCount "117"]
[EventDate "2021.02.04"]
[WhiteTeam "Golden Falcons 1"]
[BlackTeam "Harrow Juniors G"]

1. c4 d5 2. cxd5 Qxd5 3. Nc3 Qd8 4. e4 Nc6 5. Nf3 e5 6. Bb5 Nf6 7. Bxc6+ bxc6
8. d4 c5 9. dxe5 Ng4 10. Qxd8+ Kxd8 11. h3 Nh6 12. O-O Ba6 13. Rd1+ Kc8 14. Be3
Rb8 15. b3 Rb6 16. Na4 Rg6 17. Bxc5 Be2 18. Rd2 Bxf3 19. Bxf8 Bxg2 20. Kh2 Bxe4
21. Bc5 Rg2+ 22. Kh1 Rg6+ 23. Kh2 Rg2+ 24. Kh1 Rxf2+ 25. Kg1 Rxd2 26. Bxa7 Rg2+
27. Kf1 Rh2 28. Nc3 Bd3+ 29. Kg1 Rc2 30. Nd5 Be4 31. Ne3 Rc5 32. Bxc5 Rd8 33.
Rd1 Re8 34. Bd4 Re6 35. Ng4 Rg6 36. Be3 Nxg4 37. hxg4 Rxg4+ 38. Kf1 Bf3 39. Rd4
Bg2+ 40. Ke2 Rh4 41. Rxh4 g5 42. Rg4 f5 43. Rxg2 f4 44. Bxf4 gxf4 45. Kf3 Kd7
46. Kxf4 c6 47. Rd2+ Kc7 48. e6 c5 49. e7 c4 50. e8=Q c3 51. Rc2 h5 52. Rxc3+
Kd6 53. Rd3+ Kc5 54. Qc8+ Kb4 55. Qc4+ Ka3 56. Qa4+ Kb2 57. b4 Kb1 58. Qb3+ Ka1
59. Rd1# 1-0

[Event "Junior Online 4NCL Division 5"]
[Site "online"]
[Date "2021.02.04"]
[Round "2.158"]
[White "Howes, James"]
[Black "Rolletta, Sofia"]
[Result "0-1"]
[WhiteElo "800"]
[BlackElo "1218"]
[PlyCount "108"]
[EventDate "2021.02.04"]
[WhiteTeam "Harrow Juniors G"]
[BlackTeam "Golden Falcons 1"]

1. d4 d5 2. e3 Nf6 3. Bb5+ Bd7 4. Bxd7+ Qxd7 5. f3 g6 6. e4 e6 7. exd5 exd5 8.
c3 Qe6+ 9. Ne2 Bg7 10. Bf4 c6 11. Bxb8 Rxb8 12. b3 O-O 13. c4 dxc4 14. bxc4
Qxc4 15. Nec3 Rfe8+ 16. Ne2 Qb4+ 17. Qd2 Qxd2+ 18. Kxd2 Rbd8 19. g4 c5 20. f4
Nxg4 21. h3 cxd4 22. hxg4 d3 23. Nec3 f5 24. gxf5 gxf5 25. Na3 b6 26. Nc4 Bxc3+
27. Kxc3 b5 28. Nd2 a5 29. Rag1+ Kf7 30. Rxh7+ Ke6 31. Ra7 b4+ 32. Kc4 Rc8+ 33.
Kxd3 Red8+ 34. Ke2 Rc2 35. Kd1 Rcxd2+ 36. Kc1 Rxa2 37. Rxa5 Rxa5 38. Rg6+ Kd5
39. Rg5 Rc8+ 40. Kd2 Ra2+ 41. Kd1 Ke4 42. Rg1 Ra1+ 43. Ke2 Rxg1 44. Kf2 Rg4 45.
Ke2 Rc2+ 46. Kf1 Rxf4+ 47. Ke1 Rc1+ 48. Kd2 Rc8 49. Ke2 b3 50. Kd2 b2 51. Ke2
b1=Q 52. Kd2 Qc2+ 53. Ke1 Qc1+ 54. Ke2 Rc2# 0-1

[Event "Junior Online 4NCL Division 5"]
[Site "online"]
[Date "2021.02.04"]
[Round "2.161"]
[White "Bradshaw, Sam"]
[Black "Allen, George"]
[Result "1-0"]
[WhiteElo "902"]
[BlackElo "1249"]
[PlyCount "117"]
[EventDate "2021.02.04"]
[WhiteTeam "JHJ Shark Tank 9"]
[BlackTeam "KJCA Young Kestrels G"]

1. e4 e5 2. Bc4 Nc6 3. Nc3 Bc5 4. Nf3 d6 5. d3 Bg4 6. h3 Bh5 7. g4 Bg6 8. h4 h6
9. Be3 Bxe3 10. fxe3 Nf6 11. Qe2 Nxg4 12. O-O-O a6 13. Ng5 hxg5 14. hxg5 Rxh1
15. Rxh1 Ke7 16. Nd5+ Ke8 17. Rh8+ Kd7 18. Qxg4+ f5 19. Rxd8+ Kxd8 20. exf5 Be8
21. f6 g6 22. Ne7 Nxe7 23. fxe7+ Kxe7 24. Qe6+ Kd8 25. Bd5 Rb8 26. Qf6+ Kd7 27.
Be6+ Kc6 28. Qf3+ Kb6 29. a4 Bxa4 30. b3 Be8 31. e4 a5 32. Qe3+ c5 33. c3 Ra8
34. d4 a4 35. dxc5+ dxc5 36. bxa4 Rxa4 37. Kb1 Kc6 38. Bd5+ Kc7 39. Qxc5+ Kd8
40. Qd6+ Kc8 41. Be6+ Bd7 42. Bxd7+ Kd8 43. Bxa4+ Kc8 44. Qxg6 Kc7 45. Qg7+ Kb6
46. Qxe5 Ka7 47. Bd7 Ka6 48. Qb5+ Ka7 49. Bc6 b6 50. Qa4+ Kb8 51. g6 Kc7 52. g7
Kd6 53. g8=Q Kc7 54. Qf7+ Kd6 55. Qa8 Ke5 56. Qf5+ Kd6 57. Qd5+ Ke7 58. Qe8+
Kf6 59. Qde5# 1-0

[Event "Junior Online 4NCL Division 5"]
[Site "online"]
[Date "2021.02.04"]
[Round "2.162"]
[White "Heard, Ben"]
[Black "Bradshaw, Cleo"]
[Result "1-0"]
[WhiteElo "1253"]
[BlackElo "974"]
[PlyCount "79"]
[EventDate "2021.02.04"]
[WhiteTeam "KJCA Young Kestrels G"]
[BlackTeam "JHJ Shark Tank 9"]

1. e4 e5 2. Nf3 Nc6 3. Nc3 Nf6 4. d4 Bd6 5. Bb5 b6 6. Bxc6 dxc6 7. dxe5 Bxe5 8.
Qxd8+ Kxd8 9. Nxe5 Bg4 10. Nxf7+ Ke8 11. Nxh8 Ke7 12. Bf4 Rxh8 13. O-O Rd8 14.
e5 Nd5 15. Bg5+ Ke8 16. Bxd8 Kxd8 17. Rfd1 Bxd1 18. Rxd1 Ke7 19. Nxd5+ Ke6 20.
Nxc7+ Kxe5 21. Ne8 Ke6 22. Nxg7+ Kf6 23. Nh5+ Kg5 24. Ng3 Kf4 25. Rd7 Kg5 26.
Rxh7 Kg4 27. Rxa7 b5 28. Rc7 b4 29. Rxc6 b3 30. axb3 Kf4 31. b4 Ke5 32. b5 Kd5
33. Rc3 Kd4 34. b6 Kd5 35. b7 Kd4 36. b8=Q Kd5 37. Qb5+ Kd6 38. Rc6+ Kd7 39.
Qb7+ Kd8 40. Rc8# 1-0

[Event "Junior Online 4NCL Division 5"]
[Site "online"]
[Date "2021.02.04"]
[Round "2.163"]
[White "Broachi, Zain"]
[Black "Watson, Scarlet"]
[Result "0-1"]
[WhiteElo "894"]
[BlackElo "1222"]
[PlyCount "28"]
[EventDate "2021.02.04"]
[WhiteTeam "JHJ Shark Tank 9"]
[BlackTeam "KJCA Young Kestrels G"]

1. e4 d5 2. Nc3 Nf6 3. Nf3 g6 4. e5 Ng4 5. Ng5 d4 6. Nb5 Nxe5 7. c3 dxc3 8.
Nxc3 Bg7 9. Qb3 O-O 10. Qb4 Nbc6 11. Qh4 h6 12. d4 Nxd4 13. Bf4 Nc2+ 14. Ke2
Qd3# 0-1

[Event "Junior Online 4NCL Division 5"]
[Site "online"]
[Date "2021.02.04"]
[Round "2.164"]
[White "Oprea, Lucas"]
[Black "Singh-Raj, Aryan"]
[Result "0-1"]
[WhiteElo "1214"]
[BlackElo "858"]
[PlyCount "114"]
[EventDate "2021.02.04"]
[WhiteTeam "KJCA Young Kestrels G"]
[BlackTeam "JHJ Shark Tank 9"]

1. e4 e5 2. Nf3 Nc6 3. Nc3 Nf6 4. Bb5 d5 5. Bxc6+ bxc6 6. exd5 Nxd5 7. Nxd5
cxd5 8. Qe2 f6 9. O-O Bc5 10. Qb5+ Qd7 11. Qxc5 Ba6 12. d3 e4 13. Ne1 exd3 14.
Nxd3 Qf5 15. Qe3+ Kf7 16. Qf3 Kg6 17. Qg3+ Kf7 18. Qxc7+ Kg6 19. Qa5 Bxd3 20.
cxd3 Qxd3 21. Qd2 Qf5 22. Qe3 Rae8 23. Qb3 Rb8 24. Qg3+ Kf7 25. Qf3 Qg6 26.
Qxd5+ Ke7 27. Re1+ Kf8 28. Qd6+ Kf7 29. Re7+ Kf8 30. Qxb8+ Kxe7 31. Qxh8 Qc2
32. Qxg7+ Ke6 33. Qg4+ f5 34. Qe2+ Qxe2 35. h4 Qe1+ 36. Kh2 Qxf2 37. Bg5 Qxb2
38. Re1+ Kd5 39. Bc1 Qxa2 40. Rd1+ Ke4 41. Re1+ Kd3 42. Bg5 Qf2 43. Re3+ Qxe3
44. Bxe3 Kxe3 45. Kg1 a5 46. Kf1 a4 47. Ke1 a3 48. Kd1 a2 49. Kc1 a1=Q+ 50. Kc2
Qa4+ 51. Kc3 Qd4+ 52. Kb3 Kd3 53. g4 Qc5 54. g5 Qc3+ 55. Ka2 Qc2+ 56. Ka3 Kc3
57. g6 Qb3# 0-1

[Event "Junior Online 4NCL Division 5"]
[Site "online"]
[Date "2021.02.04"]
[Round "2.165"]
[White "Allen, George"]
[Black "Bradshaw, Sam"]
[Result "1-0"]
[WhiteElo "1249"]
[BlackElo "902"]
[PlyCount "51"]
[EventDate "2021.02.04"]
[WhiteTeam "KJCA Young Kestrels G"]
[BlackTeam "JHJ Shark Tank 9"]

1. b4 e5 2. Bb2 Bxb4 3. Bxe5 Nc6 4. Bxg7 Nf6 5. Bxh8 Nd4 6. c3 Nf3+ 7. Nxf3 Bc5
8. e3 d5 9. Bd3 d4 10. cxd4 Bb6 11. Qa4+ c6 12. Nc3 Ba5 13. h3 b5 14. Nxb5 cxb5
15. Bxb5+ Bd7 16. Bxf6 Qxf6 17. Bxd7+ Kf8 18. Qxa5 Rb8 19. Qxa7 Rd8 20. Bg4 Qc6
21. Qc5+ Qxc5 22. dxc5 Rc8 23. Rc1 Ke8 24. O-O Rc6 25. d4 Re6 26. Bxe6 1-0

[Event "Junior Online 4NCL Division 5"]
[Site "online"]
[Date "2021.02.04"]
[Round "2.166"]
[White "Bradshaw, Cleo"]
[Black "Heard, Ben"]
[Result "1-0"]
[WhiteElo "974"]
[BlackElo "1253"]
[PlyCount "131"]
[EventDate "2021.02.04"]
[WhiteTeam "JHJ Shark Tank 9"]
[BlackTeam "KJCA Young Kestrels G"]

1. e4 e5 2. Nf3 Nc6 3. Bc4 Nf6 4. Ng5 d5 5. exd5 Na5 6. Bb5+ c6 7. dxc6 bxc6 8.
Ba4 h6 9. Nf3 e4 10. Nd4 Bc5 11. Nxc6 Nxc6 12. Bxc6+ Bd7 13. Bxa8 Qxa8 14. Nc3
O-O 15. d3 exd3 16. Qxd3 Qxg2 17. Qf1 Qc6 18. Rg1 Qe6+ 19. Qe2 Qf5 20. Be3 Bd6
21. O-O-O Bb4 22. Qd3 Qa5 23. Bd2 Rd8 24. Qg3 Nh5 25. Qg2 Bf5 26. Bxh6 Bg6 27.
Rxd8+ Qxd8 28. Bg5 Qa5 29. Qa8+ Bf8 30. Be7 Qf5 31. Qxf8+ Kh7 32. Rxg6 Qxg6 33.
Nd5 Qh6+ 34. Kb1 Qd2 35. a3 Qxd5 36. Qd8 Qg2 37. Qd3+ g6 38. Bc5 Qxh2 39. Bxa7
Nf4 40. Qe3 Nd5 41. Qg3 Qh1+ 42. Ka2 Qh6 43. Qf3 Ne7 44. Qxf7+ Qg7 45. Qxg7+
Kxg7 46. Bd4+ Kh7 47. Bc5 Nf5 48. a4 Ne7 49. Bxe7 Kg7 50. a5 Kf7 51. Bc5 Ke8
52. a6 Kd7 53. a7 Kc6 54. a8=Q+ Kxc5 55. Ka3 Kd4 56. b4 Kc3 57. b5 Kxc2 58. b6
Kd2 59. b7 Ke2 60. b8=Q Kxf2 61. Qaa7+ Kg2 62. Qbb7+ Kg3 63. Qab8+ Kg4 64.
Q7c8+ Kg5 65. Qe5+ Kh6 66. Qh3# 1-0

[Event "Junior Online 4NCL Division 5"]
[Site "online"]
[Date "2021.02.04"]
[Round "2.167"]
[White "Watson, Scarlet"]
[Black "Broachi, Zain"]
[Result "0-1"]
[WhiteElo "1222"]
[BlackElo "894"]
[PlyCount "104"]
[EventDate "2021.02.04"]
[WhiteTeam "KJCA Young Kestrels G"]
[BlackTeam "JHJ Shark Tank 9"]

1. d4 d5 2. c4 Nf6 3. Nc3 dxc4 4. e4 Ng4 5. Nf3 e5 6. d5 Bc5 7. Qc2 Bxf2+ 8.
Kd1 Be3 9. Bxe3 Nxe3+ 10. Kd2 Nxc2 11. Kxc2 O-O 12. Nxe5 Qg5 13. Nf3 Qf6 14. e5
Qf5+ 15. Kd1 b5 16. Nh4 Qg4+ 17. Nf3 b4 18. Nb5 c3 19. Nxc7 cxb2 20. Rb1 Rd8
21. Bc4 Qxc4 22. Nxa8 Rxd5+ 23. Ke1 Qe4+ 24. Kf2 Qc2+ 25. Kg3 Bf5 26. Nc7 Qxc7
27. Rxb2 Qc4 28. a3 Qg4+ 29. Kf2 bxa3 30. Rxb8+ Bc8 31. e6 Qxe6 32. Ng5 Rxg5
33. Rd1 Qf6+ 34. Kg1 h5 35. Rxc8+ Kh7 36. Rdd8 Qa1+ 37. Kf2 Rf5+ 38. Kg3 h4+
39. Kxh4 Qf6+ 40. Kg3 Qg5+ 41. Kh3 Qh5+ 42. Kg3 a2 43. Rh8+ Kg6 44. Rxh5 Kxh5
45. Rh8+ Kg5 46. h4+ Kf6 47. Rd8 a1=Q 48. Rd6+ Ke5 49. Rd7 Qe1+ 50. Kh2 Qxh4+
51. Kg1 Qf2+ 52. Kh2 Rh5# 0-1

[Event "Junior Online 4NCL Division 5"]
[Site "online"]
[Date "2021.02.04"]
[Round "2.168"]
[White "Singh-Raj, Aryan"]
[Black "Oprea, Lucas"]
[Result "1-0"]
[WhiteElo "858"]
[BlackElo "1214"]
[PlyCount "61"]
[EventDate "2021.02.04"]
[WhiteTeam "JHJ Shark Tank 9"]
[BlackTeam "KJCA Young Kestrels G"]

1. e4 e5 2. d4 d5 3. dxe5 Qe7 4. exd5 Qxe5+ 5. Be2 Qe4 6. Nc3 Qxg2 7. Bf3 Qg6
8. Be4 f5 9. Bf3 Qd6 10. Nge2 Nf6 11. Bf4 Qb6 12. Be3 Qxb2 13. Rb1 Qa3 14. Nb5
Qa6 15. Nxc7+ Kd7 16. Nxa6 bxa6 17. d6 Nc6 18. Nc3 Nd8 19. Bxa8 Bxd6 20. Bc5
Ne8 21. Bxd6 Nxd6 22. Rb4 Bb7 23. Bxb7 N8xb7 24. Rxb7+ Kc8 25. Rxg7 Rd8 26.
Rhg1 Nc4 27. Rg8 Rxg8 28. Rxg8+ Kc7 29. Rg7+ Kc6 30. Qd5+ Kb6 31. Rb7# 1-0

[Event "Junior Online 4NCL Division 5"]
[Site "online"]
[Date "2021.02.04"]
[Round "2.171"]
[White "Shah, Rohan"]
[Black "Ali, Rayyan"]
[Result "1-0"]
[WhiteElo "1437"]
[BlackElo "1000"]
[PlyCount "61"]
[EventDate "2021.02.04"]
[WhiteTeam "Edgware Gambits Forks"]
[BlackTeam "Wimbledon Juniors B"]

1. d4 d5 2. c4 c6 3. Nc3 Nf6 4. cxd5 cxd5 5. Bf4 a6 6. e3 Bf5 7. Nf3 Nc6 8. Bd3
e6 9. Bxf5 exf5 10. O-O Ne4 11. Re1 Bb4 12. Rc1 O-O 13. a3 Bxc3 14. bxc3 h6 15.
Nd2 b5 16. f3 Nd6 17. e4 fxe4 18. fxe4 dxe4 19. Nxe4 Re8 20. Qg4 Nxe4 21. Bxh6
Qf6 22. Be3 Re7 23. Rf1 Qd6 24. Rf3 Rae8 25. Rh3 f6 26. Qh5 Kf8 27. Qh8+ Kf7
28. Qh5+ Kf8 29. Qg6 Re6 30. Rh8+ Ke7 31. Qxe8# 1-0

[Event "Junior Online 4NCL Division 5"]
[Site "online"]
[Date "2021.02.04"]
[Round "2.172"]
[White "Tan, Adam"]
[Black "Kantaria, Siya"]
[Result "0-1"]
[WhiteElo "925"]
[BlackElo "1150"]
[PlyCount "70"]
[EventDate "2021.02.04"]
[WhiteTeam "Wimbledon Juniors B"]
[BlackTeam "Edgware Gambits Forks"]

1. e4 e5 2. Nf3 Nc6 3. Bc4 h6 4. g4 g5 5. Nc3 Nf6 6. d3 Bc5 7. Nxg5 hxg5 8.
Bxg5 Be7 9. Qf3 Rg8 10. O-O-O Rxg5 11. Nd5 Nxd5 12. exd5 Nd4 13. d6 Nxf3 14. c3
Bxd6 15. d4 exd4 16. cxd4 Bb4 17. h4 Rxg4 18. h5 d6 19. h6 Rh4 20. h7 Kd7 21.
Bxf7 Nh2 22. Bg8 Kc6 23. d5+ Kb6 24. Rdg1 Bf5 25. Bf7 Rxh7 26. Rg8 Qd7 27. Rxa8
Qxf7 28. a3 Be4 29. axb4 Bxh1 30. f4 Qxf4+ 31. Kc2 Qxb4 32. Rg8 Bxd5 33. Kd3
Bxg8 34. Kc2 Rh3 35. b3 Qxb3+ 0-1

[Event "Junior Online 4NCL Division 5"]
[Site "online"]
[Date "2021.02.04"]
[Round "2.173"]
[White "Wilkinson, James"]
[Black "Tinworth, Frederick"]
[Result "1-0"]
[WhiteElo "1100"]
[BlackElo "925"]
[PlyCount "65"]
[EventDate "2021.02.04"]
[WhiteTeam "Edgware Gambits Forks"]
[BlackTeam "Wimbledon Juniors B"]

1. e4 e6 2. Nc3 d5 3. exd5 exd5 4. d4 Nc6 5. Bd3 Nf6 6. Be3 Bg4 7. f3 Be6 8.
Nge2 Bb4 9. O-O O-O 10. a3 Bxc3 11. bxc3 a6 12. Ng3 h5 13. Bf5 g6 14. Bxe6 fxe6
15. Bh6 Rf7 16. f4 Kh7 17. Bg5 b5 18. Re1 Qd6 19. Qe2 Nd8 20. a4 c6 21. axb5
cxb5 22. h3 Rc8 23. Bxf6 Rxf6 24. Qd2 Rxf4 25. Ne2 Re4 26. Kf2 Nf7 27. Ng3 Rxe1
28. Rxe1 Ng5 29. Qxg5 Qa3 30. Rxe6 Rxc3 31. Qxg6+ Kh8 32. Re8+ Qf8+ 33. Rxf8#
1-0